000
00299nam a2200121Ia 4500
008
220216s9999 xx 000 0 und d
100
_a
Sundar P S
245
0
_a
Sustain rubber prices by activating demand
260
_b
Rubber Asia
_c
2000
300
_a
23-24
650
_a
Rubber prices
942
_c
JS
999
_c
70061
_d
70061